书目信息 |
| 题名: |
中国企业环境行为分析
|
|
| 作者: | 赵刘威 著 | |
| 分册: | ||
| 出版信息: | 镇江 江苏大学出版社 2019.04 |
|
| 页数: | 177页 | |
| 开本: | 21cm | |
| 丛书名: | ||
| 单 册: | ||
| 中图分类: | X322.2 | |
| 科图分类: | ||
| 主题词: | 企业环境管理--qi ye huan jing guan li--研究--中国 | |
| 电子资源: | ||
| ISBN: | 978-7-5684-1056-4 | |
| 000 | 01164nam0 2200265 450 | |
| 001 | 0100010343 | |
| 005 | 20190905093951.0 | |
| 010 | @a978-7-5684-1056-4@dCNY35.00 | |
| 100 | @a20190901d2019 em y0chiy50 ea | |
| 101 | 0 | @achi |
| 102 | @aCN@b320000 | |
| 105 | @aa a 000yy | |
| 106 | @ar | |
| 200 | 1 | @a中国企业环境行为分析@Azhong guo qi ye huan jing xing wei fen xi@e公众参与下监管博弈与策略优化@f赵刘威著 |
| 210 | @a镇江@c江苏大学出版社@d2019.04 | |
| 215 | @a177页@c图@d21cm | |
| 314 | @a赵刘威, 江苏理工学院商学院讲师, 江苏大学管理学博士。 | |
| 320 | @a有书目 (第156-175页) | |
| 330 | @a本书针对企业环境行为监管过程中, 各方利益冲突趋于隐性化且多元主体参与下博弈关系的复杂与动态性特点, 综合运用委托代理理论、利益相关者理论、经济外部性理论以及博弈理论等, 理论分析与计算机仿真相结合、定性与定量方法相结合, 研究企业环境行为监管博弈分析及策略优化问题。 | |
| 517 | 1 | @a公众参与下监管博弈与策略优化@Agong zhong can yu xia jian guan bo yi yu ce lue you hua |
| 606 | 0 | @a企业环境管理@Aqi ye huan jing guan li@x研究@y中国 |
| 690 | @aX322.2@v5 | |
| 701 | 0 | @a赵刘威@Azhao liu wei@4著 |
| 801 | 0 | @aCN@c20190905 |
| 905 | @a河南城建学院图书馆@dX322.2@eZ317 | |
| 中国企业环境行为分析:公众参与下监管博弈与策略优化/赵刘威著.-镇江:江苏大学出版社,2019.04 |
| 177页:图;21cm |
| ISBN 978-7-5684-1056-4:CNY35.00 |
| 本书针对企业环境行为监管过程中, 各方利益冲突趋于隐性化且多元主体参与下博弈关系的复杂与动态性特点, 综合运用委托代理理论、利益相关者理论、经济外部性理论以及博弈理论等, 理论分析与计算机仿真相结合、定性与定量方法相结合, 研究企业环境行为监管博弈分析及策略优化问题。 |
| ● |
| 相关链接 |
|
|
|
正题名:中国企业环境行为分析
索取号:X322.2/Z317
 
预约/预借
| 序号 | 登录号 | 条形码 | 馆藏地/架位号 | 状态 | 备注 |
| 1 | 1437994 | 214379947 | 自科库501/501自科库 66排7列2层/ [索取号:X322.2/Z317] | 在馆 | |
| 2 | 1437995 | 214379956 | 自科库501/501自科库 66排7列2层/ [索取号:X322.2/Z317] | 在馆 |